| 000 | 00774nam a2200265Ia 4500 | ||
|---|---|---|---|
| 008 | 181129s9999 xx 000 0 und d | ||
| 020 | _a9780531280270 | ||
| 050 | _bM236 2013 | ||
| 100 | _aMalam, John | ||
| 245 | 0 | _aYou wouldn't want to be a pirate's prisoner! / | |
| 245 | 0 | _cby John Malam ; illustrated by David Antram ; created and designed by David Salariya. | |
| 250 | _ahorrible things you'd rather not know / | ||
| 260 | _aNew York, NY : | ||
| 260 | _bScholastic, | ||
| 260 | _c2013 | ||
| 300 | _a32 pages : | ||
| 300 | _bcolor illustrations ; | ||
| 300 | _c24cm. | ||
| 500 | _a770L | ||
| 650 | _aPirates -- Caribbean Area -- History. | ||
| 650 | _aSpanish Main. | ||
| 700 | _aAntram, David. | ||
| 700 | _aSalariya, David. | ||
| 700 | _aTitle. | ||
| 999 |
_c359980 _d359980 |
||